00727pam a2200229 a 45000010008000000030004000080050017000120080041000290100017000700200022000870400018001090500020001270820022001472450103001692600034002723000025003065040041003316500038003726500047004107000019004577000021004763050433OSt20230907123443.0960116s1996 nyu b 000 0 eng  a 96000077  a0134425677 (pbk.) aDLCcDLCdDLC00aPN94b.B76 199600a801.950904bBRO/P02aA practical reader in contemporary literary theory /cedited by Peter Brooker and Peter Widdowson. aNew York :bRoutledge,c2013. aix, 498 p. ;c24 cm. aIncludes bibliographical references. 0aCriticismxHistoryy20th century. 0aLiterature, ModernxHistory and criticism.1 aBrooker, Peter1 aWiddowson, Peter